00335 2200145 4500245004600000250001100046100002500057650001600082650001700098005001900115260001800134041001400152084001400166336000900180 aMy LIfe StorycJuliyana Cahaya WatihText aCet. 1 aJuliyana Cahaya Wati aKarya Siswa aAutobiografi a20250520104212 aJakartac2025 aIndonesia a081 JUL m atext